000 00340nam a2200133Ia 4500
008 240624s9999 xx 000 0 und d
041 _aeng
082 _a823 MEN
100 _aMENON VIJAY
245 _aINNOVATION STORIES FROM INDIA INC THEIR
260 _c2017
_aNew Delhi
_bBloomsbury
300 _axii, 142 p.; 21 cm.
365 _cRS
_b30
999 _c29537
_d29537